Foundation mathematics for the physical sciences / (Record no. 192810)

MARC details
000 -LEADER
fixed length control field 00743nam a2200241Ia 4500
003 - CONTROL NUMBER IDENTIFIER
control field OSt
005 - DATE AND TIME OF LATEST TRANSACTION
control field 20260311124809.0
008 - FIXED-LENGTH DATA ELEMENTS--GENERAL INFORMATION
fixed length control field 210716s2011 xx 000 0 und d
020 ## - INTERNATIONAL STANDARD BOOK NUMBER
International Standard Book Number 9780521192736
040 ## - CATALOGING SOURCE
Transcribing agency AIMIT LIBRARY
041 ## - LANGUAGE CODE
Language code of text/sound track or separate title eng
082 ## - DEWEY DECIMAL CLASSIFICATION NUMBER
Classification number 511.2
Edition number 1
Item number RILK
100 ## - MAIN ENTRY--PERSONAL NAME
Personal name Riley, K F.
9 (RLIN) 258531
245 ## - TITLE STATEMENT
Title Foundation mathematics for the physical sciences /
Statement of responsibility, etc. By K F Riley and M P Hobson.
250 ## - EDITION STATEMENT
Edition statement 1st ed.
260 ## - PUBLICATION, DISTRIBUTION, ETC.
Place of publication, distribution, etc. New Delhi :
Name of publisher, distributor, etc. Cambridge University Press ,
Date of publication, distribution, etc. 2011.
300 ## - PHYSICAL DESCRIPTION
Extent xiii,721p. ;
Other physical details PB
Dimensions 24.4 cm
650 ## - SUBJECT ADDED ENTRY--TOPICAL TERM
Topical term or geographic name entry element Preliminary algebra
9 (RLIN) 258532
650 ## - SUBJECT ADDED ENTRY--TOPICAL TERM
Topical term or geographic name entry element Multiple integrals
9 (RLIN) 258533
650 ## - SUBJECT ADDED ENTRY--TOPICAL TERM
Topical term or geographic name entry element Elementary probability
9 (RLIN) 258534
700 ## - ADDED ENTRY--PERSONAL NAME
Personal name Hobson, M P.
9 (RLIN) 258535
942 ## - ADDED ENTRY ELEMENTS (KOHA)
Source of classification or shelving scheme Dewey Decimal Classification
Koha item type Book
Edition 1st
Call number prefix 511.2 RILK
Holdings
Withdrawn status Lost status Source of classification or shelving scheme Damaged status Not for loan Collection code Home library Current library Source of acquisition Cost, normal purchase price Inventory number Total Checkouts Full call number Barcode Date last seen Cost, replacement price Price effective from Koha item type
    Dewey Decimal Classification     MCA St Aloysius Institute of Management & Information Technology St Aloysius Institute of Management & Information Technology Athulya Books 795.00 Bill no:ABK 577; Bill dt:2012-10   511.2 RILK MCA12318 05/23/2026 596.25 07/16/2021 Book